000 00339nam a2200121Ia 4500
005 20251222154310.0
008 251222s9999||||xx |||||||||||||| ||spa||
020 _a84-345-8098-5
082 _a780.1/V23/1984
100 _a"Valls Gorina, Manuel"
245 0 _aAproximación a la música: reflexiones en torno al hecho musical
942 _cLIB
999 _c33368
_d33368